[Event "Festival Jean-Claude Loubatière-Master"]
[Site "Montpellier FRA"]
[Date "2007.07.07"]
[Round "1.1"]
[White "Hamdouchi, Hichem"]
[Black "Dussol, Pierre"]
[Result "1-0"]
[WhiteElo "2576"]
[BlackElo "2247"]
[PlyCount "65"]
[EventDate "2007.07.07"]
[EventType "swiss"]
[EventRounds "9"]
[EventCountry "FRA"]
[Source "lmi"]
[SourceDate "2007.07.07"]

1. e4 c5 2. Nc3 Nc6 3. Bb5 e6 4. Bxc6 bxc6 5. d3 d6 6. f4 g6 7. Nf3 Bg7 8. O-O
Ne7 9. e5 d5 10. Na4 c4 11. dxc4 O-O 12. b3 Nf5 13. Qe1 dxc4 14. Ba3 cxb3 15.
axb3 Ba6 16. Rf2 Re8 17. Nc5 Qb6 18. g4 Nh6 19. h3 Rad8 20. Nxa6 Qxa6 21. Be7
Qb6 22. Bxd8 Rxd8 23. Kg2 Bf8 24. Qa5 Bb4 25. Qxb6 axb6 26. Ra6 Ba5 27. Ng5 c5
28. Kf3 Rd4 29. Ra8+ Kg7 30. Ra7 Kg8 31. Ne4 Rd1 32. Ra8+ Kg7 33. Nf6 1-0

[Event "Festival Jean-Claude Loubatière-Master"]
[Site "Montpellier FRA"]
[Date "2007.07.07"]
[Round "1.2"]
[White "Fantin, Ludwig"]
[Black "Apicella, Manuel"]
[Result "0-1"]
[WhiteElo "2232"]
[BlackElo "2533"]
[PlyCount "60"]
[EventDate "2007.07.07"]
[EventType "swiss"]
[EventRounds "9"]
[EventCountry "FRA"]
[Source "lmi"]
[SourceDate "2007.07.07"]

1. e4 e6 2. d4 d5 3. Nc3 Bb4 4. e5 Ne7 5. a3 Bxc3+ 6. bxc3 c5 7. Qg4 O-O 8. Bd3
f5 9. exf6 Rxf6 10. Bg5 Rf7 11. Qh5 g6 12. Qd1 Nbc6 13. Nf3 c4 14. Be2 Qf8 15.
O-O h6 16. Bc1 Nf5 17. Ne1 Nd6 18. Bf3 b5 19. g3 Bb7 20. Bg2 Ne4 21. Bxe4 dxe4
22. Qg4 Ne7 23. Ng2 Kh7 24. Nf4 Rf6 25. a4 Nd5 26. Nxd5 exd5 27. Qd7+ Rf7 28.
Qxb5 Qc8 29. f4 exf3 30. Bf4 Rxf4 0-1

[Event "Festival Jean-Claude Loubatière-Master"]
[Site "Montpellier FRA"]
[Date "2007.07.07"]
[Round "1.3"]
[White "Maze, Sebastien"]
[Black "Weill, Roland"]
[Result "1-0"]
[WhiteElo "2530"]
[BlackElo "2229"]
[PlyCount "85"]
[EventDate "2007.07.07"]
[EventType "swiss"]
[EventRounds "9"]
[EventCountry "FRA"]
[Source "lmi"]
[SourceDate "2007.07.07"]

1. e4 g6 2. d4 Bg7 3. Nc3 c6 4. Nf3 d6 5. h3 Nf6 6. Bd3 O-O 7. O-O Nbd7 8. Be3
e5 9. Qd2 Re8 10. dxe5 dxe5 11. a4 a5 12. Ne2 Qe7 13. Bh6 Nc5 14. Ng3 Nxd3 15.
cxd3 c5 16. Bxg7 Kxg7 17. Ne1 b6 18. f4 Ba6 19. f5 Rad8 20. fxg6 fxg6 21. Qg5
Kf7 22. Nf3 Rxd3 23. Rf2 Kg8 24. Nf5 Qe6 25. Nh6+ Kg7 26. Qh4 Nxe4 27. Qxe4
Rxf3 28. Qxf3 Kxh6 29. Qe3+ Kg7 30. Rd1 Re7 31. Rfd2 Qc6 32. Qg5 Qe8 33. Rd8
Qf7 34. Qxe7 Qxe7 35. R1d7 Kf6 36. Rxe7 Kxe7 37. Rb8 e4 38. Rxb6 Bd3 39. Kf2
Kd7 40. Rb7+ Kc6 41. Rxh7 c4 42. Ke3 Kc5 43. Rb7 1-0

[Event "Festival Jean-Claude Loubatière-Master"]
[Site "Montpellier FRA"]
[Date "2007.07.07"]
[Round "1.4"]
[White "San Marco, Bruno"]
[Black "Prie, Eric"]
[Result "0-1"]
[WhiteElo "2221"]
[BlackElo "2518"]
[PlyCount "76"]
[EventDate "2007.07.07"]
[EventType "swiss"]
[EventRounds "9"]
[EventCountry "FRA"]
[Source "lmi"]
[SourceDate "2007.07.07"]

1. c4 c6 2. b3 d5 3. Bb2 Bg4 4. g3 e6 5. Bg2 Nf6 6. Nf3 Nbd7 7. O-O a5 8. d3 a4
9. Na3 Be7 10. Nc2 Qa5 11. Rb1 axb3 12. axb3 O-O 13. h3 Bh5 14. g4 Bg6 15. Nh4
Qc7 16. Nxg6 hxg6 17. f4 Rfd8 18. Kh1 Ra2 19. Qc1 Nc5 20. Be5 Bd6 21. Bxd6 Qxd6
22. Rb2 Raa8 23. Qe3 Re8 24. Qe5 Qe7 25. Qg5 Qc7 26. Qe5 Qd8 27. g5 Nh5 28. Qe3
Nd7 29. d4 Nb6 30. c5 Nc8 31. Rfb1 Qc7 32. b4 Qxf4 33. b5 Qh4 34. bxc6 bxc6 35.
Rb8 Ne7 36. Rxe8+ Rxe8 37. Qe5 Nf4 38. Rb3 Nf5 0-1

[Event "Festival Jean-Claude Loubatière-Master"]
[Site "Montpellier FRA"]
[Date "2007.07.07"]
[Round "1.5"]
[White "Cornette, Matthieu"]
[Black "Jean, Olivier"]
[Result "1-0"]
[WhiteElo "2487"]
[BlackElo "2214"]
[PlyCount "83"]
[EventDate "2007.07.07"]
[EventType "swiss"]
[EventRounds "9"]
[EventCountry "FRA"]
[Source "lmi"]
[SourceDate "2007.07.07"]

1. e4 c5 2. Nf3 e6 3. d4 cxd4 4. Nxd4 Nc6 5. Nc3 Qc7 6. Be3 a6 7. Bd3 b5 8.
Nxc6 Qxc6 9. e5 Bb7 10. Be4 Qc7 11. Qf3 Bxe4 12. Nxe4 Rc8 13. O-O Qxe5 14. Bf4
Qf5 15. Rfe1 Be7 16. Qg3 Qg6 17. Qe3 f5 18. Nd6+ Bxd6 19. Bxd6 Nf6 20. Qa7 Kf7
21. Be5 Rxc2 22. Qxa6 Rhc8 23. Qxb5 d5 24. Bc3 Re8 25. Qa4 f4 26. Qxf4 Kg8 27.
Rac1 Rxc1 28. Qxc1 Ne4 29. Be5 Ng5 30. Re3 Qf5 31. f4 Ne4 32. Qc7 Qf8 33. Rb3
Rc8 34. Qxc8 Qxc8 35. Rb8 Qxb8 36. Bxb8 Kf7 37. a4 Ke7 38. Be5 g6 39. b4 Kd7
40. b5 Nd2 41. a5 Nc4 42. a6 1-0

[Event "Festival Jean-Claude Loubatière-Master"]
[Site "Montpellier FRA"]
[Date "2007.07.07"]
[Round "1.6"]
[White "Ouakhir, Mehdi"]
[Black "Heberla, Bartlomiej"]
[Result "0-1"]
[WhiteElo "2206"]
[BlackElo "2484"]
[PlyCount "66"]
[EventDate "2007.07.07"]
[EventType "swiss"]
[EventRounds "9"]
[EventCountry "FRA"]
[Source "lmi"]
[SourceDate "2007.07.07"]

1. d4 c5 2. d5 g6 3. c4 d6 4. Nc3 Bg7 5. e4 e6 6. Nge2 exd5 7. cxd5 Ne7 8. Ng3
O-O 9. Be2 a6 10. a4 f5 11. exf5 Nxf5 12. Nxf5 gxf5 13. Bf4 Qf6 14. Qd2 Nd7 15.
O-O Ne5 16. a5 Bd7 17. Rfe1 Qg6 18. Ra3 Rae8 19. Rb3 Rb8 20. Nd1 Kh8 21. Rg3
Qf7 22. Ne3 b5 23. axb6 Rxb6 24. Qa5 Rb4 25. Bxe5 Bxe5 26. Rf3 Rg8 27. Nc4 Qxd5
28. Nxe5 dxe5 29. Qxa6 Bc6 30. Kf1 e4 31. Rg3 Ra8 32. Qxa8+ Bxa8 33. Rd1 Rd4
0-1

[Event "Festival Jean-Claude Loubatière-Master"]
[Site "Montpellier FRA"]
[Date "2007.07.07"]
[Round "1.7"]
[White "Djuric, Stefan"]
[Black "Zharkov, Hleb"]
[Result "0-1"]
[WhiteElo "2472"]
[BlackElo "2204"]
[PlyCount "181"]
[EventDate "2007.07.07"]
[EventType "swiss"]
[EventRounds "9"]
[EventCountry "FRA"]
[Source "lmi"]
[SourceDate "2007.07.07"]

1. d4 d6 2. e4 Nf6 3. Nc3 e5 4. Nf3 Nbd7 5. Bc4 Be7 6. O-O O-O 7. a4 a5 8. Re1
c6 9. h3 Qc7 10. Bg5 exd4 11. Nxd4 Nc5 12. Bf4 Qb6 13. b3 Bd7 14. Qf3 Rad8 15.
Rad1 Rfe8 16. g4 h6 17. Kh2 Be6 18. Nxe6 Nxe6 19. Bxe6 fxe6 20. Qg3 e5 21. Be3
Qb4 22. Bd2 Qc5 23. Rg1 g5 24. Kg2 Nd7 25. Qd3 Qb6 26. h4 Nf8 27. Rh1 Ng6 28.
Qc4+ Kg7 29. hxg5 Bxg5 30. Bxg5 hxg5 31. Rh7+ Kxh7 32. Qf7+ Kh6 33. Qf6 Kh7 34.
Qf7+ Kh6 35. Rh1+ Nh4+ 36. Kg3 Rg8 37. Qh5+ Kg7 38. Qxg5+ Ng6 39. Rh6 Kf7 40.
Qf5+ Ke8 41. Rh7 Ne7 42. Qf7+ Kd7 43. Qxe7+ Kc8 44. Nd1 Kb8 45. Ne3 Rge8 46.
Qf6 Rf8 47. Qh6 Rf4 48. Qg6 Rdf8 49. Qxd6+ Ka7 50. Qd2 Rf3+ 51. Kg2 Qb4 52.
Qxb4 Rxf2+ 53. Kg1 axb4 54. g5 Re2 55. Rh3 Rg8 56. Kf1 Rd2 57. Rg3 Rg6 58. Ke1
Rh2 59. Nc4 Rxc2 60. Nxe5 Re6 61. Nd3 Rxe4+ 62. Kd1 Rh2 63. g6 Rh8 64. Kd2 Rg8
65. Rg5 Kb8 66. a5 Kc7 67. Nc5 Rd4+ 68. Nd3 Kd6 69. g7 Rd5 70. Rg6+ Ke7 71. a6
Kf7 72. Rg4 bxa6 73. Kc2 a5 74. Rc4 Rxg7 75. Nf4 Rg4 76. Ne2 Rxc4+ 77. bxc4 Re5
78. Nd4 Re4 79. Nf5 Rxc4+ 80. Kd3 Rc3+ 81. Kd4 c5+ 82. Kd5 b3 83. Nd6+ Kg6 84.
Nb5 Rc2 85. Na3 b2 86. Nxc2 b1=Q 87. Na3 Qd3+ 88. Ke6 Qxa3 89. Ke5 Qd3 90. Kf4
c4 91. Ke5 0-1

[Event "Festival Jean-Claude Loubatière-Master"]
[Site "Montpellier FRA"]
[Date "2007.07.07"]
[Round "1.8"]
[White "Demuth, Adrien"]
[Black "Libiszewski, Fabien"]
[Result "1/2-1/2"]
[WhiteElo "2193"]
[BlackElo "2469"]
[PlyCount "111"]
[EventDate "2007.07.07"]
[EventType "swiss"]
[EventRounds "9"]
[EventCountry "FRA"]
[Source "lmi"]
[SourceDate "2007.07.07"]

1. d4 Nf6 2. c4 g6 3. Nc3 Bg7 4. e4 d6 5. Nf3 O-O 6. Be2 c5 7. O-O cxd4 8. Nxd4
Nc6 9. Be3 Bd7 10. Qd2 Nxd4 11. Bxd4 Bc6 12. f3 Nd7 13. Rfd1 Bxd4+ 14. Qxd4 a5
15. b3 Qb6 16. Qxb6 Nxb6 17. Kf2 Rfc8 18. a3 Kf8 19. Rac1 Be8 20. Nd5 Nd7 21.
b4 e6 22. Ne3 Ke7 23. Rd4 axb4 24. axb4 Nb6 25. b5 Na4 26. Rcd1 Rd8 27. e5 dxe5
28. Rxd8 Rxd8 29. Rxd8 Kxd8 30. Ng4 Ke7 31. Nxe5 f6 32. Nd3 Kd6 33. Bd1 Nc5 34.
Ke3 e5 35. Nb2 Bf7 36. Be2 Nb3 37. Na4 f5 38. f4 e4 39. g3 h6 40. h4 Nc5 41.
Nb2 Be8 42. Bf1 Bd7 43. Be2 Bc8 44. Bd1 Bd7 45. Be2 Ne6 46. Na4 g5 47. hxg5
hxg5 48. fxg5 Nxg5 49. c5+ Kd5 50. Nb6+ Ke6 51. Nxd7 Kxd7 52. g4 Ne6 53. c6+
bxc6 54. bxc6+ Kxc6 55. gxf5 Nc5 56. Bf3 1/2-1/2

[Event "Festival Jean-Claude Loubatière-Master"]
[Site "Montpellier FRA"]
[Date "2007.07.07"]
[Round "1.9"]
[White "Sengupta, Deep"]
[Black "Meera, Sai"]
[Result "1-0"]
[WhiteElo "2435"]
[BlackElo "2191"]
[PlyCount "77"]
[EventDate "2007.07.07"]
[EventType "swiss"]
[EventRounds "9"]
[EventCountry "FRA"]
[Source "lmi"]
[SourceDate "2007.07.07"]

1. b3 e5 2. Bb2 Nc6 3. e3 d5 4. Bb5 Bd6 5. f4 Qe7 6. Nf3 Bg4 7. h3 Bxf3 8. Qxf3
Nf6 9. Nc3 exf4 10. O-O-O O-O 11. Nxd5 Nxd5 12. Qxd5 Ba3 13. exf4 Rad8 14. Qg5
Qxg5 15. fxg5 Bxb2+ 16. Kxb2 Nd4 17. Bd3 Ne6 18. Be4 c6 19. h4 f5 20. gxf6 Rxf6
21. Rhe1 Rd6 22. Bf3 Nd4 23. Bg4 Rf2 24. Bh3 Ne2 25. Rf1 Rdf6 26. Rxf2 Rxf2 27.
d4 Nf4 28. Bc8 b6 29. g3 Ng2 30. Rd3 Ne1 31. Rc3 Rf6 32. Bb7 Nf3 33. Bxc6 Nxd4
34. Bd5+ Kf8 35. Rc7 Nb5 36. Rb7 Rg6 37. a4 Nd4 38. Rxa7 Rxg3 39. Rf7+ 1-0

[Event "Festival Jean-Claude Loubatière-Master"]
[Site "Montpellier FRA"]
[Date "2007.07.07"]
[Round "1.10"]
[White "Muller, Anne"]
[Black "Saptarshi, Roy Chowdhury"]
[Result "0-1"]
[WhiteElo "2179"]
[BlackElo "2420"]
[PlyCount "72"]
[EventDate "2007.07.07"]
[EventType "swiss"]
[EventRounds "9"]
[EventCountry "FRA"]
[Source "lmi"]
[SourceDate "2007.07.07"]

1. e4 c5 2. Nf3 Nc6 3. d4 cxd4 4. Nxd4 e5 5. Nb5 d6 6. N1c3 a6 7. Na3 b5 8. Nd5
Nce7 9. c4 Nxd5 10. exd5 bxc4 11. Nxc4 Nf6 12. Be2 Be7 13. Be3 Rb8 14. O-O O-O
15. Rc1 Bb7 16. Nb6 Nd7 17. Nxd7 Qxd7 18. Qd2 f5 19. f3 Bd8 20. Rc2 Qa4 21. b3
Qa5 22. b4 Qa4 23. Rfc1 Bf6 24. Rc4 Kh8 25. b5 Qa3 26. bxa6 Bxa6 27. R4c3 Qa5
28. Bxa6 Qxa6 29. R3c2 h6 30. Bxh6 f4 31. Bxf4 exf4 32. Kh1 Be5 33. Qf2 Qd3 34.
Rd2 Qe3 35. Qh4+ Kg8 36. Rdc2 Qd3 0-1

[Event "Festival Jean-Claude Loubatière-Master"]
[Site "Montpellier FRA"]
[Date "2007.07.08"]
[Round "2.1"]
[White "Bijaoui, Manuel"]
[Black "Hamdouchi, Hichem"]
[Result "0-1"]
[WhiteElo "2357"]
[BlackElo "2576"]
[PlyCount "92"]
[EventDate "2007.07.07"]
[EventType "swiss"]
[EventRounds "9"]
[EventCountry "FRA"]
[Source "lmi"]
[SourceDate "2007.07.07"]

1. e4 c5 2. Nf3 e6 3. b3 a6 4. c4 Nc6 5. Bb2 d5 6. exd5 exd5 7. cxd5 Nb4 8. Be2
Bf5 9. d3 Nf6 10. O-O Bd6 11. Nc3 O-O 12. d4 cxd4 13. Nxd4 Bg6 14. a3 Nbxd5 15.
Nxd5 Nxd5 16. Bf3 Nf4 17. Bxb7 Nd3 18. Bxa8 Nxb2 19. Qe2 Nd3 20. Bc6 Qb6 21.
Be4 Nf4 22. Qe3 Qxd4 23. Qxd4 Ne2+ 24. Kh1 Nxd4 25. Bxg6 hxg6 26. Rad1 Be5 27.
Rfe1 Bf6 28. b4 Ra8 29. Re3 g5 30. h3 a5 31. bxa5 Rxa5 32. Rc1 Kh7 33. Rc4 Nf5
34. Rd3 Re5 35. g3 Re2 36. Kg2 Ra2 37. a4 Kg6 38. Kf3 Be5 39. h4 gxh4 40. Rg4+
Kh6 41. gxh4 Bf6 42. Ke4 Ne7 43. Ke3 Ng6 44. Rb4 Be7 45. Re4 Bxh4 46. f4 Bf2+
0-1

[Event "Festival Jean-Claude Loubatière-Master"]
[Site "Montpellier FRA"]
[Date "2007.07.08"]
[Round "2.2"]
[White "Apicella, Manuel"]
[Black "Lubczynski, Rafal"]
[Result "0-1"]
[WhiteElo "2533"]
[BlackElo "2368"]
[PlyCount "68"]
[EventDate "2007.07.07"]
[EventType "swiss"]
[EventRounds "9"]
[EventCountry "FRA"]
[Source "lmi"]
[SourceDate "2007.07.07"]

1. e4 d6 2. d4 Nf6 3. Nc3 e5 4. Nge2 Nc6 5. f3 exd4 6. Nxd4 Be7 7. Be3 O-O 8.
Qd2 d5 9. Nxc6 bxc6 10. e5 Nd7 11. f4 Nb6 12. O-O-O Bg4 13. Be2 Bxe2 14. Qxe2
Nc4 15. Na4 Qb8 16. b3 Qb4 17. Kb1 Na3+ 18. Ka1 Qe4 19. Rd2 d4 20. Bf2 Qxf4 21.
Rxd4 Qf5 22. Re4 Rfd8 23. Re1 Bg5 24. g4 Qg6 25. h4 Rd2 26. hxg5 Nxc2+ 27. Kb2
Rad8 28. Qxd2 Rxd2 29. R1e2 Qxg5 30. Kc3 Na3 31. Nc5 Nb1+ 32. Kb4 Qd8 33. a4
a5+ 34. Kxa5 Qb8 0-1

[Event "Festival Jean-Claude Loubatière-Master"]
[Site "Montpellier FRA"]
[Date "2007.07.08"]
[Round "2.3"]
[White "Hamdouchi, Adina-Maria"]
[Black "Maze, Sebastien"]
[Result "0-1"]
[WhiteElo "2309"]
[BlackElo "2530"]
[PlyCount "152"]
[EventDate "2007.07.07"]
[EventType "swiss"]
[EventRounds "9"]
[EventCountry "FRA"]
[Source "lmi"]
[SourceDate "2007.07.07"]

1. d4 Nf6 2. Nf3 g6 3. c3 Bg7 4. Bg5 O-O 5. Nbd2 d6 6. e3 Nbd7 7. Bd3 e5 8. O-O
h6 9. Bh4 Qe8 10. Qc2 Nh5 11. Rfe1 Kh8 12. e4 Nf4 13. Bf1 Nf6 14. a4 N6h5 15.
dxe5 dxe5 16. Nc4 b6 17. Ne3 Bb7 18. Rad1 Ne6 19. Nd5 f6 20. a5 Nhf4 21. a6 Bc8
22. b4 Bd7 23. Rd2 c6 24. Ne3 Ng5 25. Bxg5 fxg5 26. Red1 Be6 27. Bc4 Bxc4 28.
Nxc4 g4 29. Ne1 h5 30. Rd7 Qe6 31. Ne3 Rf7 32. R7d6 Qe8 33. Qd2 Kh7 34. N1c2
Qc8 35. c4 Qxa6 36. Rxc6 Raf8 37. b5 Qa2 38. Rf1 Bh6 39. Qd6 Qb2 40. Kh1 Bg7
41. g3 Rf6 42. Qb4 Qxb4 43. Nxb4 Nh3 44. Rxf6 Rxf6 45. Kg2 Ng5 46. Nbd5 Rf7 47.
Nc3 Bf8 48. Ra1 Bb4 49. Ned5 Bc5 50. Ra2 Bd4 51. Rc2 Kh6 52. Nb4 Rf3 53. Nbd5
Bc5 54. Re2 Rd3 55. Ra2 Rf3 56. Re2 Bd4 57. Rc2 Rf7 58. Ra2 Nf3 59. Nd1 Ne1+
60. Kf1 Nd3 61. Rd2 Nc5 62. Re2 Kg5 63. Kg2 Nb7 64. h4+ Kh6 65. Nb4 Nd6 66. Nc6
Nxc4 67. Ra2 Nd6 68. Rxa7 Rxa7 69. Nxa7 Nxe4 70. Nc8 Kg7 71. Ne3 Nc3 72. Nc4
Nd5 73. Kf1 Kf6 74. Ke2 Ke6 75. N8d6 Nc3+ 76. Kd3 Kd5 0-1

[Event "Festival Jean-Claude Loubatière-Master"]
[Site "Montpellier FRA"]
[Date "2007.07.08"]
[Round "2.4"]
[White "Prie, Eric"]
[Black "Boudre, Jean-Pierre"]
[Result "1/2-1/2"]
[WhiteElo "2518"]
[BlackElo "2329"]
[PlyCount "63"]
[EventDate "2007.07.07"]
[EventType "swiss"]
[EventRounds "9"]
[EventCountry "FRA"]
[Source "lmi"]
[SourceDate "2007.07.07"]

1. d4 d5 2. Nf3 c6 3. Bf4 Bf5 4. e3 Qb6 5. Qc1 Nf6 6. a3 Na6 7. c4 Nh5 8. Be5
f6 9. Bg3 Nxg3 10. hxg3 g5 11. Nc3 e6 12. b4 Qd8 13. Qd2 Nc7 14. Bd3 Bxd3 15.
Qxd3 Qd7 16. c5 g4 17. Nh4 Rg8 18. Rb1 a6 19. Na4 Qf7 20. Nb6 Rd8 21. f3 f5 22.
fxg4 Rxg4 23. Rh3 Be7 24. Nf3 Bf6 25. Kd2 Kf8 26. Rbh1 Kg8 27. Ng1 Rg7 28. Ne2
Bg5 29. Nf4 Bxf4 30. exf4 Ne8 31. Rh6 Nf6 32. Rxf6 1/2-1/2

[Event "Festival Jean-Claude Loubatière-Master"]
[Site "Montpellier FRA"]
[Date "2007.07.08"]
[Round "2.5"]
[White "Laclau, Daniel"]
[Black "Cornette, Matthieu"]
[Result "0-1"]
[WhiteElo "2276"]
[BlackElo "2487"]
[PlyCount "132"]
[EventDate "2007.07.07"]
[EventType "swiss"]
[EventRounds "9"]
[EventCountry "FRA"]
[Source "lmi"]
[SourceDate "2007.07.07"]

1. d4 Nf6 2. c4 e6 3. Nf3 d5 4. g3 dxc4 5. Bg2 Nc6 6. Qa4 Bb4+ 7. Bd2 Nd5 8.
O-O Nb6 9. Qc2 Be7 10. Bc3 O-O 11. Nbd2 Bd7 12. Rad1 a6 13. e4 Qc8 14. Rfe1 Nb4
15. Qb1 c5 16. e5 cxd4 17. Bxd4 N6d5 18. Ne4 Ba4 19. b3 cxb3 20. axb3 Bb5 21.
Rc1 Qd7 22. Red1 Rfc8 23. Nc5 Qc6 24. h4 Be2 25. Re1 Qb5 26. Ng5 Nd3 27. Nxd3
Bxd3 28. Qb2 Bb4 29. Rxc8+ Rxc8 30. Rc1 Rxc1+ 31. Qxc1 Qc6 32. Qxc6 bxc6 33.
Ne4 Bc2 34. Nc5 a5 35. f4 Ne7 36. Be4 Bd1 37. Kg2 h5 38. Bf2 Kf8 39. Bd3 Bxc5
40. Bxc5 Bxb3 41. Kf2 Ke8 42. Ke3 Kd7 43. Kd4 g6 44. Bb6 a4 45. Bc5 Nd5 46. Be2
Bc2 47. Bf1 Bd1 48. Bd3 Kc7 49. Ba6 Bb3 50. Kd3 Kd7 51. Kd4 Bc2 52. Be2 Ne7 53.
Kc3 Be4 54. Bd1 Nf5 55. Bf2 a3 56. Kb3 c5 57. Kxa3 Kc6 58. Kb3 Kd5 59. Kc3 Nd4
60. Ba4 Bf5 61. Bxd4 cxd4+ 62. Kd2 Bh3 63. Be8 Ke4 64. Bxf7 Bf5 65. Ke2 d3+ 66.
Kf2 Kd4 0-1

[Event "Festival Jean-Claude Loubatière-Master"]
[Site "Montpellier FRA"]
[Date "2007.07.08"]
[Round "2.6"]
[White "Heberla, Bartlomiej"]
[Black "Chanoine, Guillaume"]
[Result "1/2-1/2"]
[WhiteElo "2484"]
[BlackElo "2296"]
[PlyCount "71"]
[EventDate "2007.07.07"]
[EventType "swiss"]
[EventRounds "9"]
[EventCountry "FRA"]
[Source "lmi"]
[SourceDate "2007.07.07"]

1. e4 c5 2. Nf3 Nc6 3. Nc3 e5 4. Bc4 Be7 5. d3 Nf6 6. Ng5 O-O 7. f4 d5 8. exd5
Bg4 9. Qd2 Nd4 10. O-O exf4 11. Rxf4 Bd6 12. Rf2 b5 13. Nxb5 Nxb5 14. Bxb5 Qb8
15. Bc6 Bxh2+ 16. Kh1 Nh5 17. Ne4 f5 18. Qg5 h6 19. Qh4 Be5 20. Be3 Ng3+ 21.
Nxg3 Bxg3 22. Qe7 Rf7 23. Qe6 Qd8 24. Kg1 Qh4 25. Rf4 Rd8 26. Be8 Rxe8 27.
Qxe8+ Rf8 28. Qe6+ Kh7 29. Qe5 Rf7 30. d6 g5 31. Qd5 Rf8 32. Ra4 f4 33. Qe4+
Kh8 34. Qe5+ Kg8 35. Qd5+ Kh8 36. Qe5+ 1/2-1/2

[Event "Festival Jean-Claude Loubatière-Master"]
[Site "Montpellier FRA"]
[Date "2007.07.08"]
[Round "2.7"]
[White "Guerin, Gilles"]
[Black "Sengupta, Deep"]
[Result "0-1"]
[WhiteElo "2254"]
[BlackElo "2435"]
[PlyCount "112"]
[EventDate "2007.07.07"]
[EventType "swiss"]
[EventRounds "9"]
[EventCountry "FRA"]
[Source "lmi"]
[SourceDate "2007.07.07"]

1. e4 e6 2. d3 c5 3. Nf3 Nc6 4. g3 d6 5. Bg2 g6 6. h4 h5 7. O-O Bg7 8. c3 Nge7
9. Bf4 b6 10. Nbd2 O-O 11. Nc4 e5 12. Bg5 Be6 13. Qd2 b5 14. Na3 Rb8 15. Bh6 b4
16. Bxg7 Kxg7 17. Nc4 f6 18. Ne3 bxc3 19. bxc3 Qa5 20. Rfd1 Rfc8 21. d4 cxd4
22. cxd4 Qxd2 23. Rxd2 Na5 24. dxe5 dxe5 25. Bf1 Kf7 26. Nd5 Nc4 27. Rd3 Nxd5
28. exd5 Bf5 29. Rb3 Nd6 30. Nd2 Rb6 31. f3 Rc5 32. Kf2 Ke7 33. Ke3 Rxd5 34.
Ra3 Rb7 35. Rc1 Rd7 36. Ne4 Bxe4 37. fxe4 Rd4 38. Bd3 f5 39. Rc5 Kf6 40. exf5
gxf5 41. Ra6 Rg7 42. Be2 Rxg3+ 43. Kf2 Ra3 44. Rcc6 Rxa6 45. Rxa6 Ke6 46. Bxh5
Rxh4 47. Bg6 Rh6 48. Be8 e4 49. Bc6 Ke5 50. Rxa7 Kf4 51. a4 Rh2+ 52. Kf1 Nc4
53. Rf7 Ne5 54. Rf6 Nxc6 55. Rxc6 Ra2 56. Rc4 Kf3 0-1

[Event "Festival Jean-Claude Loubatière-Master"]
[Site "Montpellier FRA"]
[Date "2007.07.08"]
[Round "2.8"]
[White "Roy Chowdhury, Saptarshi"]
[Black "Ramaswamy, Aarthie"]
[Result "1-0"]
[WhiteElo "2420"]
[BlackElo "2281"]
[PlyCount "87"]
[EventDate "2007.07.07"]
[EventType "swiss"]
[EventRounds "9"]
[EventCountry "FRA"]
[Source "lmi"]
[SourceDate "2007.07.07"]

1. d4 Nf6 2. Nf3 e6 3. e3 d5 4. Bd3 Bd6 5. O-O O-O 6. b3 Nbd7 7. Bb2 c5 8. Nbd2
b6 9. Qe2 Bb7 10. Ne5 Rc8 11. f4 Ne4 12. Bxe4 dxe4 13. Ndc4 Ba6 14. Rfd1 f6 15.
Qg4 f5 16. Qg3 Bxe5 17. Nxe5 Nxe5 18. dxc5 Nf3+ 19. gxf3 Qe7 20. Rd6 Rxc5 21.
Rxe6 Qc7 22. c4 Bc8 23. Rd6 exf3 24. Kf2 Qe7 25. Rad1 Rc7 26. Be5 Re8 27. a4
Qf7 28. Qg5 Bb7 29. Rg1 Kf8 30. Bxg7+ Qxg7 31. Qxg7+ Rxg7 32. Rxg7 Kxg7 33.
Rd7+ Kg6 34. Rxb7 Rd8 35. Rxa7 Rd3 36. b4 Rb3 37. b5 Rb4 38. Ra6 Rxc4 39. Rxb6+
Kh5 40. a5 Kg4 41. h3+ Kxh3 42. Kxf3 h5 43. Rh6 h4 44. b6 1-0

[Event "Festival Jean-Claude Loubatière-Master"]
[Site "Montpellier FRA"]
[Date "2007.07.08"]
[Round "2.10"]
[White "Giffard, Nicolas"]
[Black "Labadie, Jean-Jacques"]
[Result "1-0"]
[WhiteElo "2381"]
[BlackElo "2017"]
[PlyCount "49"]
[EventDate "2007.07.07"]
[EventType "swiss"]
[EventRounds "9"]
[EventCountry "FRA"]
[Source "lmi"]
[SourceDate "2007.07.07"]

1. d4 Nf6 2. c4 e6 3. Nf3 c5 4. d5 b5 5. dxe6 fxe6 6. cxb5 d5 7. e3 Bd6 8. Be2
O-O 9. O-O Bb7 10. a4 Nbd7 11. b3 Qe7 12. Ra2 Rad8 13. Nc3 Ne4 14. Rc2 Bc7 15.
Bb2 Nxc3 16. Bxc3 Qd6 17. g3 e5 18. Bb2 d4 19. Bc4+ Kh8 20. Ng5 Qg6 21. Ne6 Qe4
22. f3 Qxe3+ 23. Kg2 Ba5 24. Bc1 Rxf3 25. Rxf3 1-0

[Event "Festival Jean-Claude Loubatière-Master"]
[Site "Montpellier FRA"]
[Date "2007.07.09"]
[Round "3.1"]
[White "Hamdouchi, Hichem"]
[Black "Sengupta, Deep"]
[Result "1-0"]
[WhiteElo "2576"]
[BlackElo "2435"]
[PlyCount "73"]
[EventDate "2007.07.07"]
[EventType "swiss"]
[EventRounds "9"]
[EventCountry "FRA"]
[Source "lmi"]
[SourceDate "2007.07.07"]

1. e4 c5 2. Nf3 Nc6 3. d4 cxd4 4. Nxd4 Nf6 5. Nc3 e5 6. Ndb5 d6 7. Na3 a6 8.
Nc4 b5 9. Ne3 Bb7 10. g3 g6 11. a4 Nd4 12. Bg2 Bg7 13. Ncd5 Nxd5 14. exd5 bxa4
15. Rxa4 O-O 16. c3 Nb5 17. O-O f5 18. Nc4 Qc7 19. Na5 Bc8 20. Nc6 h6 21. Be3
g5 22. c4 Nd4 23. Nxd4 exd4 24. Bxd4 Bd7 25. Rb4 a5 26. Bxg7 Kxg7 27. Qd4+ Kg6
28. Rb6 Rfb8 29. c5 Rxb6 30. cxb6 Qc8 31. Re1 Qd8 32. Rc1 Qf6 33. b7 Rb8 34.
Qb6 a4 35. Rc6 Bxc6 36. dxc6 d5 37. c7 1-0

[Event "Festival Jean-Claude Loubatière-Master"]
[Site "Montpellier FRA"]
[Date "2007.07.09"]
[Round "3.2"]
[White "Maze, Sebastien"]
[Black "Roy Chowdhury, Saptarshi"]
[Result "1-0"]
[WhiteElo "2530"]
[BlackElo "2420"]
[PlyCount "63"]
[EventDate "2007.07.07"]
[EventType "swiss"]
[EventRounds "9"]
[EventCountry "FRA"]
[Source "lmi"]
[SourceDate "2007.07.07"]

1. e4 c5 2. Nf3 Nc6 3. Bb5 Qb6 4. Bxc6 Qxc6 5. Nc3 e6 6. d4 cxd4 7. Nxd4 Qc7 8.
O-O a6 9. Re1 d6 10. Bf4 e5 11. Nd5 Qd8 12. Be3 Ne7 13. Nc6 bxc6 14. Bb6 cxd5
15. Bxd8 Kxd8 16. exd5 Nf5 17. c3 Rb8 18. Qa4 Be7 19. b4 Bb7 20. c4 Bf6 21.
Rad1 Nd4 22. f4 exf4 23. Re4 Nf5 24. c5 Be5 25. Rxe5 dxe5 26. c6 Ke7 27. Qa5
Ne3 28. Qc5+ Kf6 29. c7 Rbc8 30. Qb6+ Ke7 31. Qxb7 Nxd1 32. Qc6 1-0

[Event "Festival Jean-Claude Loubatière-Master"]
[Site "Montpellier FRA"]
[Date "2007.07.09"]
[Round "3.3"]
[White "Cornette, Matthieu"]
[Black "Giffard, Nicolas"]
[Result "1-0"]
[WhiteElo "2487"]
[BlackElo "2381"]
[PlyCount "89"]
[EventDate "2007.07.07"]
[EventType "swiss"]
[EventRounds "9"]
[EventCountry "FRA"]
[Source "lmi"]
[SourceDate "2007.07.07"]

1. e4 c6 2. d4 d5 3. e5 Bf5 4. Nc3 a6 5. Be3 h6 6. g4 Bd7 7. Bg2 e6 8. Nge2 h5
9. h3 b5 10. Qd2 Qa5 11. a3 Qc7 12. f4 hxg4 13. hxg4 Rxh1+ 14. Bxh1 a5 15. Ng3
Na6 16. Bf3 Ne7 17. Kf1 Nc8 18. f5 Nb6 19. Bg5 f6 20. Bf4 fxe5 21. dxe5 O-O-O
22. b3 b4 23. Nce2 bxa3 24. Nd4 Re8 25. g5 Kb7 26. Bh5 Ra8 27. Bf7 exf5 28. e6
Bd6 29. Bxd6 Qxd6 30. Ngxf5 Qc7 31. exd7 Rh8 32. Kg1 Nxd7 33. Rxa3 Ndc5 34.
Nxc6 Ne4 35. Nxa5+ Kb8 36. Qe2 Qc5+ 37. Qe3 Qc7 38. Qe2 Qc5+ 39. Kg2 Nc7 40. b4
Qf8 41. Qe3 Qxf7 42. Nc6+ Kb7 43. Ra7+ Kxc6 44. b5+ Kxb5 45. Rb7+ 1-0